Central Library OPAC University of Rajshahi

Biophysical chemistry : (Record no. 69307)

MARC details
000 -LEADER
fixed length control field 00876nam a2200277 a 4500
001 - CONTROL NUMBER
control field 69307
003 - CONTROL NUMBER IDENTIFIER
rucl marc code BD-RjUL
005 - DATE AND TIME OF LATEST TRANSACTION
control field 20211209081854.0
008 - FIXED-LENGTH DATA ELEMENTS--GENERAL INFORMATION
fixed length control field 170410s1978 nyua b 001 0 eng d
020 ## - INTERNATIONAL STANDARD BOOK NUMBER
International Standard Book Number 0471027189
035 ## - SYSTEM CONTROL NUMBER
System control number (BD-RjUL)69518
040 ## - CATALOGING SOURCE
Original cataloging agency DLC
Transcribing agency DLC
Modifying agency BD-RjUL
Language of cataloging eng
041 ## - LANGUAGE CODE
Language code of text/sound track or separate title eng
060 ## - NATIONAL LIBRARY OF MEDICINE CALL NUMBER
Classification number QT34 M367b
082 ## - DEWEY DECIMAL CLASSIFICATION NUMBER
Classification number 541.3
Edition number 23
Author mark and year MAB 1978
100 1# - MAIN ENTRY--PERSONAL NAME
Personal name Marshall, Alan G.
Fuller form of name (Alan George),
Dates associated with a name 1944-
9 (RLIN) 205333
245 10 - TITLE STATEMENT
Title Biophysical chemistry :
Remainder of title principles, techniques, and applications /
Statement of responsibility, etc. Alan G. Marshall.
260 ## - PUBLICATION, DISTRIBUTION, ETC. (IMPRINT)
Place of publication, distribution, etc. New York :
Name of publisher, distributor, etc. Wiley,
Date of publication, distribution, etc. c1978.
300 ## - PHYSICAL DESCRIPTION
Pagination xv, 812 p. :
Illustrations ill. ;
Size 24 cm.
504 ## - BIBLIOGRAPHY, ETC. NOTE
Bibliography, etc Includes bibliographical references and index.
650 #0 - SUBJECT ADDED ENTRY--TOPICAL TERM
Topical term or geographic name as entry element Chemistry, Physical and theoretical
9 (RLIN) 205334
Topical term or geographic name as entry element Biochemistry
9 (RLIN) 205335
Topical term or geographic name as entry element Biophysics.
9 (RLIN) 204419
Topical term or geographic name as entry element Chemistry, Physical.
9 (RLIN) 205336
942 ## - ADDED ENTRY ELEMENTS (KOHA)
Source of classification or shelving scheme Dewey Decimal Classification
Koha item type Books
Holdings
Lost status Source of classification or shelving scheme Damaged status Not for loan Collection code Permanent Location Current Location Shelving location Date acquired Source of acquisition Total Checkouts Full call number Date last seen Copy number Koha item type
  Dewey Decimal Classification   Not For Loan Non-fiction Central Library, University of Rajshahi Central Library, University of Rajshahi Reading Room 20/10/1990 Canada   541.3 MAB 1978 10/04/2017 C-1 Books